=LDR 00000nam 2200000 4500 =001 INLIS000000000036170 =005 20130612141954 =008 ***********************************Ind** =035 ##$$0010-061300000036170 =041 ##$$a Ind =082 ##$$a 028.5 =090 ##$$a 028.5, Pos t =100 ##$$a Posner-Sanchez, Andrea =245 ##$$a Talenta tink = Tink yang berbakat, Andrea Posnen Sanchez ; alih bahasa, Rosi L Simanema =260 ##$$a 2010 $b Jakarta =300 ##$$a 22 hlm, ilus, 20 cm =650 ##$$a Bacaan kanak-kanak =700 ##$$a Simammora, Rosi L =850 ##$$a NBPNMAT